| 000 | 00775cam a2200265 a 4500 | ||
|---|---|---|---|
| 001 | 3150 | ||
| 005 | 20240214111702.0 | ||
| 020 | _a9780531147610 | ||
| 040 |
_aDLC _cDLC _dDLC _beng |
||
| 050 | 1 | 0 |
_aQB661.T39 _b2008 |
| 082 | 0 | 0 | _a523.45 |
| 100 | 1 | _aTaylor-Butler, Christine | |
| 245 | 1 | 0 |
_aJupiter / _cby Taylor-Butler, Christine |
| 250 | _aUpdated | ||
| 260 |
_aNew York : _bChildren's Press, _c2008 |
||
| 300 |
_a24 pages : _bcolor illustrations ; _c21 cm. |
||
| 490 | _aScholastic News Nonfiction Readers | ||
| 505 | 0 | _aK | |
| 520 | _aA basic introduction to the planet Jupiter. | ||
| 521 |
_a520
_bLexile |
||
| 521 |
_aK
_bRaz-Plus |
||
| 650 |
_aplanets _vnon-fiction |
||
| 906 |
_a7 _bcbc _corignew _d1 _eecip _f20 _gy-gencatlg |
||
| 942 |
_2ddc _cBK _n0 |
||
| 999 |
_c3150 _d3150 |
||